[Event "Challenge"]
[Site "http://www.queenalice.com/game.php?id=595006"]
[Date "2009.5.28"]
[Round "-"]
[White "holeripla"]
[Black "Nabuck"]
[Result "1-0"]
[WhiteElo "1344"]
[BlackElo "1394"]

1. e3 Nc6 2. Nf3 e5 3. Nc3 d5 4. e4 Nf6 5. h3 dxe4 6. Ng5 Nd5 7. Qh5 g6 8. Qe2
Nb6 9. Qxe4 f6 10. Nf3 a5 11. h4 Ne7 12. d3 f5 13. Qe3 f4 14. Qe2 Nf5 15. Nxe5
Nd4 16. Qd2 Qe7 17. Kd1 Qxe5 18. Qe3 fxe3 19. Bxe3 Nc6 20. Bd2 Nd4 21. f4 Qh5+
22. Be2 Bg4 23. Re1 O-O-O 24. Kc1 Qxh4 25. b3 c5 26. Kb2 c4 27. bxc4 Be6 28. Be3
Qe7 29. a3 h6 30. Bxd4 Rxd4 31. Ne4 Na4+ 32. Kc1 Qh4 33. Kd2 Qxf4+ 34. Kd1 Be7
35. Rf1 Qe3 36. Rf3 Qg1+ 37. Bf1 g5 38. c3 Rxd3+ 39. Kc2 Rxf3 40. Nd2 Rxc3+ 41.
Kd1 Qxf1+ 42. Nxf1 Rf8 43. Nd2 Re8 44. Rb1 Bc5 45. Rb5 Bg4+ 46. Nf3 h5 47. Rxa5
Bd7 48. Nxg5 Bb6 49. Rd5 1-0

[Event "El Novato"]
[Site "http://www.queenalice.com/game.php?id=595298"]
[Date "2009.5.29"]
[Round "-"]
[White "Nabuck"]
[Black "heyepabe2"]
[Result "1-0"]
[WhiteElo "1417"]
[BlackElo "1326"]

1. e4 Nf6 2. Nf3 Nxe4 3. Nc3 Nd6 4. Ng5 f6 5. Nge4 e6 6. d4 h6 7. d5 exd5 8.
Nxd5 g6 9. Nexf6+ Kf7 10. Qf3 c6 11. Ng4+ Nf5 12. Nf4 Kg8 13. Nxg6 Qe8+ 14. N6e5
Qe7 15. Qxf5 Bg7 16. Bd3 Na6 17. O-O d6 18. Qf3 dxe5 19. Re1 Be6 20. Qe4 Nc5 21.
Qf3 Rf8 22. Qg3 h5 23. Nxe5 Bg4 24. f4 Nd7 25. Nxg4 Qf7 26. Ne5 Qe7 27. Ng6 Qf7
28. f5 b5 29. Rf1 h4 30. Qg5 Bf6 31. Qg4 Ne5 32. Nxe5+ Bg7 33. Nxf7 Rxf7 34. Bd2
Kf8 35. Rae1 Bf6 36. Bb4+ Be7 37. Bc3 Rg8 38. Qh5 Ke8 39. f6 Rxg2+ 40. Kxg2 h3+
41. Qxh3 Rxf6 42. Bxf6 Kf8 43. Bxe7+ Ke8 44. Qe6 a5 45. Qxc6# 1-0

[Event "AUTO-OPEN-1572"]
[Site "http://www.queenalice.com/game.php?id=595532"]
[Date "2009.5.29"]
[Round "1"]
[White "fabke007"]
[Black "Nabuck"]
[Result "1-0"]
[WhiteElo "2023"]
[BlackElo "1328"]

1. e4 Nf6 2. Nc3 Nc6 3. Bc4 Nd4 4. Nf3 e5 5. Nxe5 d6 6. Nxf7 Qe7 7. O-O Rg8 8.
Ng5 Qe5 9. Bxg8 Qxg5 10. d3 Qe5 11. f4 Qh5 12. Qxh5+ Nxh5 13. Bb3 Bg4 14. Rf2 c6
15. h3 Be6 16. Bxe6 Nxe6 17. g4 Ng3 18. Kg2 1-0

[Event "AUTO-OPEN-1572"]
[Site "http://www.queenalice.com/game.php?id=595533"]
[Date "2009.5.29"]
[Round "1"]
[White "Nabuck"]
[Black "fabke007"]
[Result "0-1"]
[WhiteElo "1326"]
[BlackElo "2005"]

1. e4 c5 2. Nf3 d6 3. Bc4 Nc6 4. Nh4 e6 5. g3 Nf6 6. O-O Be7 7. f4 d5 8. Bb5
Nxe4 9. d3 Nd6 10. Ba4 Bxh4 11. gxh4 Qxh4 12. Nd2 Nf5 13. Nf3 Qg4+ 14. Kh1 Qh5
15. Qe1 Bd7 16. c4 O-O 17. Nd2 d4 0-1

[Event "AUTO-OPEN-1572"]
[Site "http://www.queenalice.com/game.php?id=595557"]
[Date "2009.5.29"]
[Round "1"]
[White "alysson_wander"]
[Black "Nabuck"]
[Result "1-0"]
[WhiteElo "1333"]
[BlackElo "1345"]

1. e4 e5 2. Nf3 Nc6 3. c4 Nd4 4. Nc3 Nh6 5. b4 c5 6. Nd5 cxb4 7. Nxe5 d6 8. Rb1
a5 9. f4 dxe5 10. fxe5 Ng4 11. h3 Nxe5 12. h4 Be6 13. Nb6 Qxb6 14. Be2 1-0

[Event "AUTO-INT-1326"]
[Site "http://www.queenalice.com/game.php?id=595573"]
[Date "2009.5.29"]
[Round "1"]
[White "MLC"]
[Black "Nabuck"]
[Result "1-0"]
[WhiteElo "1414"]
[BlackElo "1377"]

1. e4 e5 2. Nc3 Nf6 3. Nf3 d5 4. Nxd5 c6 5. Nxf6+ Qxf6 6. d3 g5 7. Be2 g4 8. Nd2
Bc5 9. O-O Rg8 10. g3 h5 11. Nb3 Qe6 12. Nxc5 Qd6 13. Nb3 f5 14. exf5 b6 15. d4
c5 16. c3 Bb7 17. dxe5 Qc6 18. f3 Na6 19. Qd3 c4 20. Qxc4 O-O-O 21. Qxc6+ Bxc6
22. Bxa6+ Kc7 23. Bf4 gxf3 24. Rad1 h4 25. e6+ Rd6 26. Bxd6+ Kd8 27. Bb4+ Ke8
28. Nd4 hxg3 29. Nxc6 f2+ 30. Kg2 Rg5 31. Rd8# 1-0

[Event "AUTO-INT-1326"]
[Site "http://www.queenalice.com/game.php?id=595574"]
[Date "2009.5.29"]
[Round "1"]
[White "Nabuck"]
[Black "MLC"]
[Result "0-1"]
[WhiteElo "1360"]
[BlackElo "1429"]

1. e4 e5 2. Nf3 Nc6 3. d4 exd4 4. Nxd4 Nxd4 5. Qxd4 Nf6 6. Bc4 d6 7. e5 Ng4 8.
Qd5 Qe7 9. Nc3 c6 10. Qe4 dxe5 11. b4 Qf6 12. f3 Bxb4 13. fxg4 Bxc3+ 14. Kd1
Qd6+ 15. Ke2 Bxa1 16. Qf3 O-O 17. Bd3 Be6 18. Qh3 h6 19. g5 Bxh3 20. gxh3 hxg5
21. Bxg5 Bd4 22. h4 Qd5 23. Rg1 Bxg1 24. h5 Qg2+ 25. Ke1 Qxg5 26. Be2 Bxh2 27.
a4 Rad8 28. a5 Qg1+ 29. Bf1 Bg3+ 30. Ke2 Qf2# 0-1

[Event "AUTO-INT-1326"]
[Site "http://www.queenalice.com/game.php?id=595589"]
[Date "2009.5.29"]
[Round "1"]
[White "Nelsonbento"]
[Black "Nabuck"]
[Result "1-0"]
[WhiteElo "1324"]
[BlackElo "1467"]

1. b3 e5 2. d4 Nc6 3. d5 Nb4 4. a3 Nc6 5. dxc6 bxc6 6. g4 Qf6 7. Nc3 d5 8. h4
Bxg4 9. f3 Be6 10. Bg5 Qf4 11. Bxf4 exf4 12. Qd2 Nf6 13. Qxf4 O-O-O 14. b4 d4
15. Na4 h6 16. e4 c5 17. bxc5 Nh5 18. Qh2 Bd7 19. Ba6+ Kb8 20. Rb1+ Ka8 21. Qxc7
Rb8 22. Qxb8# 1-0

[Event "AUTO-INT-1326"]
[Site "http://www.queenalice.com/game.php?id=595590"]
[Date "2009.5.29"]
[Round "1"]
[White "Nabuck"]
[Black "Nelsonbento"]
[Result "0-1"]
[WhiteElo "1455"]
[BlackElo "1365"]

1. e4 d5 2. Nc3 d4 3. Nd5 c6 4. Nb4 a5 5. Nd3 f6 6. Nc5 e5 7. Nb3 g5 8. Nf3 a4
9. Nbxd4 exd4 10. Qe2 b5 11. e5 f5 12. d3 Bb4+ 13. c3 Ba5 14. Nxg5 dxc3 15. Rb1
c2+ 16. Bd2 cxb1=Q+ 17. Qd1 Qxb2 18. e6 Nf6 19. Nf7 Qe7 20. Bxa5 Qxe6+ 21. Be2
Kxf7 22. Bd2 Qbxa2 23. O-O h5 24. Bc3 Rg8 25. Qa1 Qad5 26. f3 Qxe2 27. Bxf6
Qxg2# 0-1

[Event "AUTO-INT-1326"]
[Site "http://www.queenalice.com/game.php?id=595601"]
[Date "2009.5.29"]
[Round "1"]
[White "Nabuck"]
[Black "vilmar357"]
[Result "0-1"]
[WhiteElo "1406"]
[BlackElo "1591"]

1. e4 d5 2. Nc3 Nf6 3. Qf3 e6 4. g4 a6 5. Nh3 h6 6. e5 Ne4 7. d3 Nxc3 8. bxc3
Nc6 9. g5 Nxe5 10. Qf4 Bd6 11. d4 Nd3+ 12. Bxd3 Bxf4 13. Bxf4 hxg5 14. Bxg5 f6
15. Bg6+ Kf8 16. f4 fxg5 17. Nxg5 Qd6 18. O-O Rh4 19. Rf2 Rg4+ 20. Rg2 Qxf4 21.
Nh7+ Ke7 22. Rf1 Rxg2+ 0-1

[Event "AUTO-INT-1326"]
[Site "http://www.queenalice.com/game.php?id=595602"]
[Date "2009.5.29"]
[Round "1"]
[White "vilmar357"]
[Black "Nabuck"]
[Result "1-0"]
[WhiteElo "1581"]
[BlackElo "1420"]

1. e4 e5 2. Nf3 Nf6 3. Nxe5 Nxe4 4. Qe2 d5 5. d3 Qf6 6. Nc3 Qxe5 7. Nxe4 dxe4 8.
Qxe4 Qxe4+ 9. dxe4 Nc6 10. c3 f5 11. exf5 Bxf5 12. Be2 O-O-O 13. O-O Ne5 14. Be3
h5 15. Bxa7 Rd2 16. Bb5 h4 17. Rfe1 Bd6 18. Bd4 Nd3 19. Re8+ Rxe8 20. Bxe8 Nxb2
21. Be3 Re2 22. Bb5 1-0

[Event "Copa Oscar Edo."]
[Site "http://www.queenalice.com/game.php?id=604319"]
[Date "2009.6.16"]
[Round "1"]
[White "Nabuck"]
[Black "Undertaker"]
[Result "0-1"]
[WhiteElo "1345"]
[BlackElo "1982"]

1. e4 e5 2. Nf3 Nc6 3. Nc3 Bb4 4. d4 exd4 5. Nxd4 Qe7 6. a3 Qxe4+ 7. Be3 Bxc3+
8. bxc3 d6 9. Bd3 Qxg2 10. Kd2 g6 11. Nb5 Kd8 12. Qe2 Ne5 0-1